000 00580nam a2200229Ia 4500
003 OSt
005 20220926042052.0
006 a|||||r|||| 00| 0
007 ta
008 220923b |||||||| |||| 00| 0 eng d
037 _cGeneral Book
040 _aRTL
_cRTL
_beng
041 _2eng
_aeng
082 _aS, J9
100 _aGagne Robert M
245 0 _aPsychology and human performance
260 _c1959
650 _aPsychology
700 _a Fleishman Edwin A
942 _hS, J9
_cGB
_2CC
999 _c668795
_d668795